000 00519nam a22001817a 4500
003 UA-OsUOA
001 8009
007 ta
008 20040713b un ||||| |||| 00| 0 ukr d
100 _aСслабошпицький М.
942 _cSA
040 _aUA-OsUOA
_cUA-OsUOA
_dUA-OsUOA
245 _a"Я смерть у голову не пускав "
300 _aС.4
955 _a0
773 0 _w0
_tЛітературна Украіна
_dКиїв
_d2004
_g№25
650 7 _aЛітературознавство
_2UDC
999 _c294170
_d294170